zpět

Detail výsledku týmu

U Lucerny ČT, Brno

Datum a čas kvízu

30.5 Celkem bodů Celkový počet nahraných bodů na tomto kvízu bez doplňovacích otázek.
7. Pořadí na kvízu Konečné umístění týmu na tomto kvízu.

Zaznamenané odpovědi

# Otázka Odpověď Body Výsledky
1. Minulou středu proběhl po celé... 11:59 0
2. Dva zkušení borci, 66letý Joha... traktory 1
3. Jako recesi se senátor Lumír A... Karla Gotta 1
4. Španělští archeologové objevil... B 0
5. V neděli 26. dubna 2026 byl vý... v Londýně 1
6. Vědci v minulosti několikrát t... D) kofein 0
7. Světová zdravotnická organizac... o Gruzii 1
8. V červenci 2025 Senát schválil... 3 (2 a 4 za půl bodu) 1
9. Na které z fotografií se nachá... A) 1
10. Tinktura z opia se v minulosti... laudanum 0